000 01037nam a2200313 i 4500
003 OSt
008 230402t20212004us ||||g |||| 00| 0 eng d
020 _a9780063062948
_cRM51.95
_qpaperback
040 _aPPAK
_beng
_cPPAK
_erda
082 0 4 _223
_a813.6
090 0 0 _a813.6
_bALL
_dG
100 1 _aALLENDE, ISABEL,
_eauthor.
245 1 0 _aFOREST OF THE THE PYGMES /
_bISABEL ALLENDE ;
250 _aRevised paperback edition 2021
264 1 _aNew York, NY, United States :
_bHarperCollins Publishers Inc,
_c2021
264 4 _c©2004
300 _a263 pages :
_c21 cm.
336 _atext
_2rdacontent
337 _aunmediated
_2rdamedia
338 _avolume
_2rdacarrier
490 1 _aMEMORIES OF THE EAGLE AND THE JAGUAR
_vBOOK 3
650 1 0 _aElephants
_vFiction
650 2 0 _aGrandmothers
_vFiction
650 2 0 _aPoaching
_vFiction
650 2 0 _aKenya
_vFiction
650 2 0 _aAdventure and adventurers
_vFiction
830 _aMEMORIES OF THE EAGLE AND THE JAGUAR
_vBOOK 3
942 _2ddc
_cB
999 _c191879
_d191879